[Event "DBMM 2015 (XV.)"]
[Site "München"]
[Date "2015.10.22"]
[Round "2.2"]
[White "Demir, Bilal"]
[Black "Brendemühl, Bernd"]
[Result "1-0"]
[WhiteElo "2099"]
[BlackElo "1858"]
[PlyCount "80"]
[EventDate "2015.10.22"]
[EventType "team-swiss"]
[EventCountry "GER"]
[WhiteTeam "SV Osram Augsburg 1"]
[BlackTeam "EuropÃ¤isches Patentamt MÃ¼. 3"]

1. e4 c5 2. c3 e6 3. d4 cxd4 4. cxd4 d5 5. e5 Nc6 6. Nf3 Qb6 7. a3 Bd7 8. Nc3
Nge7 9. Na4 Qc7 10. Bd3 a6 11. b4 Ng6 12. O-O b5 13. Nc5 Bxc5 14. bxc5 f5 15.
exf6 gxf6 16. Qc2 Nce7 17. Re1 Kf7 18. Bh6 Rag8 19. Qd2 Nf5 20. Bxf5 exf5 21.
h4 Bc6 22. h5 Ne7 23. Bf4 Qd7 24. Re2 Re8 25. Rae1 Nc8 26. Nh4 Re4 27. f3 Rxe2
28. Qxe2 Re8 29. Qxe8+ Qxe8 30. Rxe8 Bxe8 31. Nxf5 Bd7 32. Ne3 Ke6 33. Kf2 Ne7
34. Nc2 Nc6 35. Bd2 Be8 36. g4 f5 37. Kg3 fxg4 38. fxg4 Bf7 39. Kf4 Kf6 40. Ne3
Nxd4 1-0

[Event "DBMM 2015 (XV.)"]
[Site "München"]
[Date "2015.10.22"]
[Round "2.3"]
[White "Bumes, Konrad"]
[Black "Czap, Bernard"]
[Result "0-1"]
[WhiteElo "2022"]
[BlackElo "2073"]
[PlyCount "66"]
[EventDate "2015.10.22"]
[EventType "team-swiss"]
[EventCountry "GER"]
[WhiteTeam "EuropÃ¤isches Patentamt MÃ¼. 3"]
[BlackTeam "SV Osram Augsburg 1"]

1. d4 d5 2. c4 c6 3. Nc3 Nf6 4. e3 e6 5. Nf3 Nbd7 6. Bd3 dxc4 7. Bxc4 b5 8. Bd3
Bd6 9. O-O O-O 10. Qc2 Bb7 11. Rd1 Qe7 12. e4 e5 13. dxe5 Nxe5 14. Nd4 Nxd3 15.
Qxd3 Bc7 16. Nf5 Qe6 17. f3 Rad8 18. Qe2 Rxd1+ 19. Qxd1 Rd8 20. Qc2 Bc8 21. Be3
Qe5 22. f4 Qe8 23. Ng3 b4 24. Nce2 Nd5 25. Bxa7 Nxf4 26. Nxf4 Bxf4 27. Ne2 Rd2
28. Qc4 Be6 29. Qa6 Be5 30. Be3 Rxb2 31. Bd4 Rxe2 32. Bxe5 Rxe4 33. Bd6 Bc4 0-1

[Event "DBMM 2015 (XV.)"]
[Site "München"]
[Date "2015.10.22"]
[Round "2.1"]
[White "Bintakies, Michael"]
[Black "Hein, Ralf"]
[Result "1/2-1/2"]
[WhiteElo "2190"]
[BlackElo "2040"]
[PlyCount "71"]
[EventDate "2015.10.22"]
[EventType "team-swiss"]
[EventCountry "GER"]
[WhiteTeam "Bayerische Landesbank 1"]
[BlackTeam "Baubehörde Hamburg 1"]

1. d4 d5 2. Nf3 Nf6 3. e3 e6 4. Bd3 c5 5. c3 Nc6 6. Nbd2 c4 7. Bc2 Be7 8. e4 b5
9. e5 Nd7 10. a3 Qa5 11. Rb1 Nb6 12. O-O Bd7 13. Re1 Qa6 14. Nf1 Qb7 15. Ng5
Bxg5 16. Bxg5 Ne7 17. Qh5 Bc6 18. Ng3 h6 19. f4 O-O-O 20. Bxe7 Qxe7 21. f5 Rdf8
22. Qg4 Rfg8 23. fxe6 fxe6 24. Rf1 Rf8 25. Nh5 g5 26. Rf6 Rxf6 27. Nxf6 a5 28.
Rf1 Nd7 29. Nxd7 Bxd7 30. Qf3 Kc7 31. Qf6 Qxf6 32. Rxf6 b4 33. axb4 axb4 34.
Kf2 b3 35. Bb1 Kd8 36. Ke3 1/2-1/2

[Event "DBMM 2015 (XV.)"]
[Site "München"]
[Date "2015.10.22"]
[Round "2.3"]
[White "Luft, Martin"]
[Black "Buchholz, Robert"]
[Result "1-0"]
[WhiteElo "2114"]
[BlackElo "1990"]
[PlyCount "37"]
[EventDate "2015.10.22"]
[EventType "team-swiss"]
[EventCountry "GER"]
[WhiteTeam "Bayerische Landesbank 1"]
[BlackTeam "Baubehörde Hamburg 1"]

1. d4 Nf6 2. Nf3 c5 3. e3 d5 4. dxc5 Nc6 5. c4 Qa5+ 6. Nbd2 Qxc5 7. a3 e5 8. b4
Qd6 9. cxd5 Qxd5 10. Bc4 Qd6 11. Qb3 Be6 12. O-O b5 13. Bxe6 fxe6 14. Bb2 h6
15. Rfd1 Kf7 16. Rac1 Rc8 17. Nf1 Qb8 18. Rxc6 Rxc6 19. Nxe5+ 1-0

[Event "DBMM 2015 (XV.)"]
[Site "München"]
[Date "2015.10.22"]
[Round "2.4"]
[White "Raum, Norbert"]
[Black "Daurer, Walter"]
[Result "0-1"]
[WhiteElo "1816"]
[BlackElo "2007"]
[PlyCount "50"]
[EventDate "2015.10.22"]
[EventType "team-swiss"]
[EventCountry "GER"]
[WhiteTeam "Baubehörde Hamburg 1"]
[BlackTeam "Bayerische Landesbank 1"]

1. Nf3 c5 2. g3 Nc6 3. Bg2 e5 4. d3 g6 5. O-O Bg7 6. e4 Nge7 7. Be3 d6 8. Qd2
O-O 9. c4 Bg4 10. h3 Bxf3 11. Bxf3 f5 12. Nc3 f4 13. gxf4 exf4 14. Bxf4 g5 15.
Bg4 Rxf4 16. Be6+ Kh8 17. Ne2 Nd4 18. Nxd4 Bxd4 19. h4 Ng6 20. h5 Ne5 21. Kg2
Qf6 22. Bf5 Nf3 23. Qxf4 gxf4 24. Kxf3 Qh4 25. Bg4 Rg8 0-1

[Event "DBMM 2015 (XV.)"]
[Site "München"]
[Date "2015.10.22"]
[Round "2.1"]
[White "Urban, Ralf-Dieter"]
[Black "Gottschalk, Jens"]
[Result "1/2-1/2"]
[WhiteElo "2063"]
[BlackElo "2269"]
[PlyCount "62"]
[EventDate "2015.10.22"]
[EventType "team-swiss"]
[EventCountry "GER"]
[WhiteTeam "Transit Hühnerposten Hamburg 1"]
[BlackTeam "R+V Versicherungen Wiesbaden 1"]

1. e4 c5 2. d4 cxd4 3. c3 Nf6 4. e5 Nd5 5. Nf3 Nc6 6. Bc4 Nb6 7. Bb3 d5 8. cxd4
Bg4 9. Nc3 e6 10. Be3 Be7 11. Rc1 Rc8 12. h3 Bh5 13. Ne2 Na5 14. Rxc8 Qxc8 15.
Ba4+ Nxa4 16. Qxa4+ Nc6 17. Nf4 Bg6 18. O-O Bf5 19. g4 Bg6 20. Rc1 O-O 21. Nd2
Qc7 22. b4 a6 23. Nb3 Qb6 24. a3 Rd8 25. Nc5 a5 26. bxa5 Qxa5 27. Nxg6 hxg6 28.
Qxa5 Nxa5 29. Nxb7 Nxb7 30. Rc7 Bxa3 31. Rxb7 Rc8 1/2-1/2

[Event "DBMM 2015 (XV.)"]
[Site "München"]
[Date "2015.10.22"]
[Round "2.2"]
[White "Seidler, Lukas"]
[Black "Meister, Bernd-Holger"]
[Result "1-0"]
[WhiteElo "2211"]
[BlackElo "1819"]
[PlyCount "73"]
[EventDate "2015.10.22"]
[EventType "team-swiss"]
[EventCountry "GER"]
[WhiteTeam "R+V Versicherungen Wiesbaden 1"]
[BlackTeam "Transit Hühnerposten Hamburg 1"]

1. e4 c6 2. d4 d5 3. Nc3 dxe4 4. Nxe4 Bf5 5. Ng3 Bg6 6. Nf3 Nd7 7. h4 h6 8. h5
Bh7 9. Bd3 Bxd3 10. Qxd3 e6 11. Bd2 Ngf6 12. O-O-O Bd6 13. Ne4 Nxe4 14. Qxe4
Nf6 15. Qe2 Qc7 16. Kb1 O-O-O 17. c4 c5 18. Bc3 Rhe8 19. dxc5 Qxc5 20. Nd4 a6
21. Ka1 Rd7 22. Nb3 Qc7 23. c5 Be7 24. Be5 Qc6 25. f3 Red8 26. Rc1 Ne8 27. Na5
Qa4 28. c6 Qxa5 29. cxd7+ Kxd7 30. Rhd1+ Bd6 31. Qe4 Qb6 32. Bxd6 Nxd6 33. Qh7
Ke7 34. Qxg7 Nc4 35. Rxd8 Qxd8 36. Qc3 b5 37. b3 1-0

[Event "DBMM 2015 (XV.)"]
[Site "München"]
[Date "2015.10.22"]
[Round "2.3"]
[White "Bohn, Christoph"]
[Black "Werner, Gregor"]
[Result "0-1"]
[WhiteElo "1920"]
[BlackElo "2125"]
[PlyCount "60"]
[EventDate "2015.10.22"]
[EventType "team-swiss"]
[EventCountry "GER"]
[WhiteTeam "Transit Hühnerposten Hamburg 1"]
[BlackTeam "R+V Versicherungen Wiesbaden 1"]

1. c4 g6 2. Nf3 Bg7 3. Nc3 Nf6 4. g3 O-O 5. Bg2 d6 6. d4 Nbd7 7. Bf4 Re8 8. O-O
Nh5 9. Bg5 h6 10. Bf4 Nxf4 11. gxf4 c6 12. e4 e5 13. fxe5 dxe5 14. d5 cxd5 15.
Nxd5 Nc5 16. Nc3 Qe7 17. b4 Ne6 18. Nd5 Qd8 19. Qe2 b6 20. Rac1 Bb7 21. Rfd1
Rc8 22. Qe3 Bxd5 23. Rxd5 Qc7 24. Bh3 Nf4 25. Bxc8 Qxc8 26. Nxe5 Bxe5 27. Rxe5
Qg4+ 28. Kf1 Rxe5 29. Qg3 Qe2+ 30. Kg1 Rg5 0-1

[Event "DBMM 2015 (XV.)"]
[Site "München"]
[Date "2015.10.22"]
[Round "2.4"]
[White "Launert, Martin"]
[Black "Leube, Oliver"]
[Result "1-0"]
[WhiteElo "1858"]
[BlackElo "1928"]
[PlyCount "73"]
[EventDate "2015.10.22"]
[EventType "team-swiss"]
[EventCountry "GER"]
[WhiteTeam "R+V Versicherungen Wiesbaden 1"]
[BlackTeam "Transit Hühnerposten Hamburg 1"]

1. e4 d5 2. exd5 Qxd5 3. Nc3 Qd8 4. d4 Nf6 5. Bc4 Bg4 6. f3 Bh5 7. Nge2 e6 8.
Bg5 Be7 9. O-O c6 10. Kh1 Nbd7 11. Bb3 h6 12. Bh4 Bg6 13. Qe1 O-O 14. Rd1 Re8
15. Nf4 Bh7 16. Nd3 Nb6 17. Ne5 Nbd5 18. Nxd5 Nxd5 19. Bxe7 Qxe7 20. c3 Nb6 21.
Qg3 a5 22. a3 Nd5 23. Rfe1 a4 24. Ba2 Qf6 25. Ng4 Qf4 26. Qf2 Qd6 27. g3 Ne7
28. Qd2 Bf5 29. Nf2 Bg6 30. Ne4 Bxe4 31. fxe4 Ra5 32. e5 Qd7 33. Bb1 Rf8 34.
Rf1 Rb5 35. Bd3 Ra5 36. Kg1 Rd8 37. Qf2 1-0

[Event "DBMM 2015 (XV.)"]
[Site "München"]
[Date "2015.10.22"]
[Round "2.1"]
[White "Hoffmann, Hendrik"]
[Black "Mooser, Stefan"]
[Result "1-0"]
[WhiteElo "2198"]
[BlackElo "2148"]
[PlyCount "95"]
[EventDate "2015.10.22"]
[EventType "team-swiss"]
[EventCountry "GER"]
[WhiteTeam "le-tex Publishing Services L. 1"]
[BlackTeam "Flughafen München 1"]

1. e4 c5 2. Nf3 e6 3. d4 cxd4 4. Nxd4 Nc6 5. Nb3 Nf6 6. Nc3 a6 7. Bd3 b5 8. O-O
Be7 9. f4 d6 10. Qf3 Bd7 11. Bd2 O-O 12. Rae1 b4 13. Nd1 a5 14. e5 Nd5 15. Ne3
Nxe3 16. Rxe3 g6 17. Kh1 a4 18. Nc1 f5 19. exd6 Bxd6 20. c3 Re8 21. Rfe1 Rc8
22. Bc2 a3 23. bxa3 bxc3 24. Bxc3 Na5 25. Nb3 Nc4 26. Rd3 Bc6 27. Qh3 Be4 28.
Rg3 e5 29. Bxe4 fxe4 30. f5 Qf6 31. fxg6 hxg6 32. Qh6 Re6 33. Nd2 Nxd2 34. Bxd2
Rc2 35. h4 Bf8 36. Qg5 Qxg5 37. Bxg5 Rxa2 38. Rxe4 Rxa3 39. Rxa3 Bxa3 40. Kg1
Bc5+ 41. Kf1 Be7 42. Bd2 Kh7 43. Ke2 Bf6 44. Kf3 Ra6 45. Rc4 Ra3+ 46. Ke4 Bxh4
47. Kxe5 Rg3 48. Rxh4+ 1-0

[Event "DBMM 2015 (XV.)"]
[Site "München"]
[Date "2015.10.22"]
[Round "2.2"]
[White "Eggerer, Stefan"]
[Black "Heinrich, Thomas"]
[Result "1/2-1/2"]
[WhiteElo "2156"]
[BlackElo "2215"]
[PlyCount "52"]
[EventDate "2015.10.22"]
[EventType "team-swiss"]
[EventCountry "GER"]
[WhiteTeam "Flughafen München 1"]
[BlackTeam "le-tex Publishing Services L. 1"]

1. e4 c5 2. Nf3 e6 3. c4 d6 4. Nc3 Nf6 5. d4 cxd4 6. Nxd4 a6 7. Be2 Bd7 8. O-O
Nc6 9. b3 Be7 10. Bb2 O-O 11. Re1 Rc8 12. Bf1 Qc7 13. Rc1 Qb8 14. a4 Rfe8 15.
Qd2 Nxd4 16. Qxd4 Bc6 17. Rcd1 Bf8 18. Rd3 e5 19. Qe3 b6 20. Red1 Qb7 21. Re1
Nd7 22. b4 Nf6 23. b5 Bd7 24. Rd2 a5 25. Ba3 Be6 26. Bxd6 Bxc4 1/2-1/2

[Event "DBMM 2015 (XV.)"]
[Site "München"]
[Date "2015.10.22"]
[Round "2.3"]
[White "Rohne, Lars"]
[Black "Däbritz, Hans-Jörg"]
[Result "1-0"]
[WhiteElo "2145"]
[BlackElo "1907"]
[PlyCount "65"]
[EventDate "2015.10.22"]
[EventType "team-swiss"]
[EventCountry "GER"]
[WhiteTeam "le-tex Publishing Services L. 1"]
[BlackTeam "Flughafen München 1"]

1. e4 c5 2. Nc3 Nc6 3. Bb5 d6 4. Bxc6+ bxc6 5. f4 d5 6. Nf3 d4 7. Na4 e6 8. b3
c4 9. bxc4 d3 10. Nb2 dxc2 11. Qxc2 c5 12. O-O Nf6 13. d3 Be7 14. Nd1 O-O 15.
Nf2 Rb8 16. Bb2 Nd7 17. Bc3 Qc7 18. g3 Bb7 19. Rab1 f5 20. Qe2 Qc6 21. Ne5 Nxe5
22. Bxe5 Rbd8 23. Bxg7 Rf7 24. Be5 Bf6 25. Bxf6 Rxf6 26. Qb2 Rf7 27. Qb5 Qd6
28. Rfe1 fxe4 29. dxe4 Bc6 30. Qb2 Qc7 31. Ng4 Rg7 32. Nf6+ Kh8 33. Nh5 1-0

[Event "DBMM 2015 (XV.)"]
[Site "München"]
[Date "2015.10.22"]
[Round "2.4"]
[White "Sindern, Christoph"]
[Black "Hartmann, Uwe"]
[Result "0-1"]
[WhiteElo "1569"]
[BlackElo "1964"]
[PlyCount "99"]
[EventDate "2015.10.22"]
[EventType "team-swiss"]
[EventCountry "GER"]
[WhiteTeam "Flughafen München 1"]
[BlackTeam "le-tex Publishing Services L. 1"]

1. d4 d5 2. c4 e6 3. Nc3 Nf6 4. Bg5 Nbd7 5. e4 dxe4 6. Nxe4 Be7 7. Nxf6+ Bxf6
8. Bxf6 Qxf6 9. Nf3 O-O 10. Be2 e5 11. Nxe5 Nxe5 12. dxe5 Qxe5 13. O-O Qxb2 14.
Bf3 Qf6 15. Qb3 Rb8 16. Rfe1 b6 17. Rad1 Be6 18. Qb5 Rbd8 19. Bd5 Bxd5 20. Rxd5
Rxd5 21. cxd5 g6 22. Qa6 Rd8 23. Qxa7 Rxd5 24. Qxc7 Rd2 25. Rf1 Rxa2 26. h3 Kg7
27. Qc4 Rb2 28. f4 b5 29. Qc5 b4 30. Qe5 Qxe5 31. fxe5 Re2 32. Rb1 Re4 33. Kf2
f5 34. exf6+ Kxf6 35. Kf3 Ke5 36. g3 Rc4 37. Re1+ Kd5 38. Re7 Rc3+ 39. Kg4 h6
40. Rb7 b3 41. h4 Kc4 42. Kf4 Rd3 43. g4 Kc3 44. Rc7+ Kd2 45. Ke4 Rc3 46. Rd7+
Kc2 47. Rf7 b2 48. Rf2+ Kb3 49. Rf1 Rc1 50. Rf3+ 0-1

[Event "DBMM 2015 (XV.)"]
[Site "München"]
[Date "2015.10.22"]
[Round "2.1"]
[White "Körlin, Hans-Jürgen"]
[Black "Lotzien, Hans"]
[Result "0-1"]
[WhiteElo "1882"]
[BlackElo "2153"]
[PlyCount "68"]
[EventDate "2015.10.22"]
[EventType "swiss"]
[EventCountry "GER"]
[WhiteTeam "Bezirksamt Berlin Tempelhof 1"]
[BlackTeam "BM Ernährung Landwirtschaft Bonn"]

1. e4 e5 2. Nf3 Nc6 3. Nc3 Bc5 4. Nxe5 Nxe5 5. d4 Bd6 6. dxe5 Bxe5 7. f4 Bxc3+
8. bxc3 Ne7 9. c4 O-O 10. Bd3 d6 11. O-O f5 12. Bb2 c6 13. Kh1 Be6 14. Qd2 Rf7
15. Rfe1 Qd7 16. Rad1 Rd8 17. Qc3 fxe4 18. Bxe4 Bf5 19. Bf3 Bg4 20. Rd2 Bxf3
21. Qxf3 Nf5 22. Rde2 Re7 23. Qh5 Rxe2 24. Rxe2 Qf7 25. Qg5 Re8 26. Rxe8+ Qxe8
27. h3 Qf8 28. g4 Ne3 29. f5 Nxc4 30. Bc3 Ne5 31. Qe3 Qf7 32. Bxe5 Qd5+ 33. Kg1
dxe5 34. Qxa7 Qd7 0-1

[Event "DBMM 2015 (XV.)"]
[Site "München"]
[Date "2015.10.22"]
[Round "2.3"]
[White "Schmidt, JÃ¶rg"]
[Black "BrÃ¶hl, Stephan"]
[Result "0-1"]
[WhiteElo "1736"]
[BlackElo "2122"]
[PlyCount "78"]
[EventDate "2015.10.22"]
[EventType "team-swiss"]
[EventCountry "GER"]
[WhiteTeam "Bezirksamt Berlin Tempelhof 1"]
[BlackTeam "BM ErnÃ¤hrung Landwirtschaft Bonn"]

1. e4 c6 2. d4 d5 3. exd5 cxd5 4. Bd3 Nc6 5. c3 Nf6 6. Bf4 Bg4 7. f3 Bh5 8. Ne2
e6 9. Nd2 Bd6 10. Qb3 Rb8 11. Nf1 Qc7 12. Bg5 Bg6 13. Qc2 b5 14. Rc1 O-O 15. h4
Bxd3 16. Qxd3 Nh5 17. Kf2 f5 18. g3 h6 19. Bd2 Rf6 20. f4 Rg6 21. Nh2 Nf6 22.
Nf3 Ne4+ 23. Kg2 Nxg3 24. Nxg3 Bxf4 25. Bxf4 Qxf4 26. Ne5 Nxe5 27. dxe5 Qxe5
28. Rce1 Qf6 29. Kf2 Rg4 30. Qe2 Rb6 31. Qe5 Qg6 32. h5 Qg5 33. Rhg1 f4 34.
Qxg5 fxg3+ 35. Rxg3 Rxg5 36. Rxg5 hxg5 37. Re5 b4 38. Rxg5 Kf7 39. cxb4 Rxb4
0-1

[Event "DBMM 2015 (XV.)"]
[Site "München"]
[Date "2015.10.22"]
[Round "2.4"]
[White "Müller-Boge, Michael"]
[Black "Baranowsky, Peter"]
[Result "1-0"]
[WhiteElo "1987"]
[BlackElo "1945"]
[PlyCount "63"]
[EventDate "2015.10.22"]
[EventType "team-swiss"]
[EventCountry "GER"]
[WhiteTeam "BM ErnÃ¤hrung Landwirtschaft Bonn"]
[BlackTeam "Bezirksamt Berlin Tempelhof 1"]

1. e4 c5 2. Nf3 e6 3. d4 cxd4 4. Nxd4 a6 5. Be2 Qc7 6. O-O Nf6 7. Nc3 b5 8. Bf3
Nc6 9. e5 Ng8 10. Nxc6 dxc6 11. Bf4 Ne7 12. Bg3 Nf5 13. Bf4 Bb7 14. Be4 c5 15.
Bxf5 exf5 16. Qe2 Qc6 17. f3 Be7 18. Rad1 O-O 19. Nd5 Rfe8 20. Qf2 Rac8 21.
Nxe7+ Rxe7 22. Rd6 Qe8 23. Rfd1 Re6 24. Qh4 Rxd6 25. exd6 Bc6 26. Re1 Qf8 27.
Qh3 Bd7 28. Re7 Rd8 29. Qg3 Be6 30. h4 Rd7 31. Bh6 f4 32. Qxg7+ 1-0

[Event "DBMM 2015 (XV.)"]
[Site "München"]
[Date "2015.10.22"]
[Round "2.1"]
[White "WGM Belic, Jordanka"]
[Black "Blum, Norbert"]
[Result "1-0"]
[WhiteElo "2248"]
[BlackElo "2027"]
[PlyCount "95"]
[EventDate "2015.10.22"]
[EventType "team-swiss"]
[EventCountry "GER"]
[WhiteTeam "imp GmbH Halle/Saale 1"]
[BlackTeam "SV Spark.Vers. Stuttgart 1"]

1. e4 e6 2. d4 d5 3. Nc3 dxe4 4. Nxe4 Nd7 5. Nf3 Ngf6 6. Bd3 c5 7. O-O Nxe4 8.
Bxe4 Nf6 9. Bd3 cxd4 10. Bb5+ Bd7 11. Bxd7+ Qxd7 12. Qxd4 Qxd4 13. Nxd4 Bc5 14.
Nb3 Bb6 15. a4 a6 16. a5 Ba7 17. Ra4 Rc8 18. c3 O-O 19. Be3 Bxe3 20. fxe3 Rfd8
21. Kf2 Rd5 22. Rb4 Rf5+ 23. Ke2 Rxf1 24. Kxf1 Nd5 25. Rxb7 Nxe3+ 26. Ke2 Nc4
27. Nc5 Nxa5 28. Ra7 h6 29. b4 Nc4 30. Rxa6 Rd8 31. Nd3 Kf8 32. Rc6 Nd6 33. Ne5
f6 34. Nd3 Ke7 35. Rc7+ Rd7 36. Rxd7+ Kxd7 37. Nc5+ Ke7 38. Kd3 e5 39. c4 f5
40. Na4 e4+ 41. Kd4 e3 42. Nc3 f4 43. Nd5+ Kd7 44. Nxf4 g5 45. Ne2 Nf5+ 46. Ke4
Nd6+ 47. Kd5 Nc8 48. c5 1-0

[Event "DBMM 2015 (XV.)"]
[Site "München"]
[Date "2015.10.22"]
[Round "2.3"]
[White "Kleint, Gert"]
[Black "Lau, Peter"]
[Result "1/2-1/2"]
[WhiteElo "1757"]
[BlackElo "1820"]
[PlyCount "34"]
[EventDate "2015.10.22"]
[EventType "team-swiss"]
[EventCountry "GER"]
[WhiteTeam "imp GmbH Halle/Saale 1"]
[BlackTeam "SV Spark.Vers. Stuttgart 1"]

1. d4 f5 2. c4 Nf6 3. Nc3 g6 4. g3 Bg7 5. Bg2 d6 6. Nf3 O-O 7. O-O Nc6 8. e3 e5
9. dxe5 dxe5 10. Qe2 e4 11. Ng5 h6 12. Nh3 Ne5 13. Rd1 Qe7 14. b3 c6 15. Bb2
Be6 16. Qc2 Bf7 17. Ne2 Rfd8 1/2-1/2

[Event "DBMM 2015 (XV.)"]
[Site "München"]
[Date "2015.10.22"]
[Round "2.4"]
[White "Wirth, Volker"]
[Black "Binnewies, Markus"]
[Result "1/2-1/2"]
[WhiteElo "1717"]
[BlackElo "1605"]
[PlyCount "45"]
[EventDate "2015.10.22"]
[EventType "team-swiss"]
[EventCountry "GER"]
[WhiteTeam "SV Spark.Vers. Stuttgart 1"]
[BlackTeam "imp GmbH Halle/Saale 1"]

1. d4 d5 2. c4 c6 3. Nc3 Nf6 4. Bg5 Nbd7 5. e3 g6 6. Bd3 dxc4 7. Bxc4 Bg7 8.
Nf3 Nb6 9. Bb3 O-O 10. h3 Bf5 11. O-O Qc8 12. Rc1 Be6 13. Re1 Bxb3 14. Qxb3 e6
15. a4 Nbd5 16. e4 Nxc3 17. Rxc3 Qc7 18. Ne5 Rad8 19. Qc4 Qb6 20. Nf3 Rd7 21.
Rb3 Qc7 22. Ne5 Re7 23. Rc3 1/2-1/2

[Event "DBMM 2015 (XV.)"]
[Site "München"]
[Date "2015.10.22"]
[Round "2.1"]
[White "Santos, Paulo"]
[Black "Choinowski, Gustav"]
[Result "0-1"]
[WhiteElo "1833"]
[BlackElo "2064"]
[PlyCount "106"]
[EventDate "2015.10.22"]
[EventType "team-swiss"]
[EventCountry "GER"]
[WhiteTeam "Europäisches Patentamt Mü. 4"]
[BlackTeam "SV Rapid Unilever Hamburg 1"]

1. e4 c5 2. Nc3 Nc6 3. g3 g6 4. Bg2 Bg7 5. d3 d6 6. f4 Nf6 7. Nf3 O-O 8. O-O h6
9. h3 Rb8 10. Be3 Ne8 11. Rb1 Nd4 12. g4 f5 13. gxf5 gxf5 14. Ne2 e5 15. c3
Nxe2+ 16. Qxe2 fxe4 17. dxe4 exf4 18. Bf2 Be6 19. a3 b5 20. Rfd1 Qc7 21. Rbc1
a5 22. Re1 b4 23. axb4 axb4 24. cxb4 Rxb4 25. Rc2 c4 26. e5 d5 27. Bd4 Bf5 28.
Rd2 Be4 29. Qf2 Rb5 30. Ra1 Qc6 31. Bc3 Bxf3 32. Bxf3 Nc7 33. Qg2 Kh8 34. Ra7
Ra8 35. Rxa8+ Qxa8 36. Qg6 Qf8 37. Qd6 Qf7 38. Qd8+ Kh7 39. Bd1 h5 40. Bc2+ Kh6
41. Rg2 Ne6 42. Qd6 Bf8 43. Qa6 Rb6 44. Qa5 Bc5+ 45. Kf1 d4 46. Bg6 Qxg6 47.
Rxg6+ Kxg6 48. Bd2 Rxb2 49. Bxf4 Rb1+ 50. Ke2 Nxf4+ 51. Kf3 Nd3 52. Qa6+ Rb6
53. Qxc4 Nxe5+ 0-1

[Event "DBMM 2015 (XV.)"]
[Site "München"]
[Date "2015.10.22"]
[Round "2.2"]
[White "Mueller, Joerg"]
[Black "Hiltner, Karlpeter"]
[Result "1-0"]
[WhiteElo "2112"]
[BlackElo "1805"]
[PlyCount "155"]
[EventDate "2015.10.22"]
[EventType "team-swiss"]
[EventCountry "GER"]
[WhiteTeam "SV Rapid Unilever Hamburg 1"]
[BlackTeam "Europäisches Patentamt Mü. 4"]

1. e4 e6 2. d4 d5 3. e5 c5 4. c3 Bd7 5. Nf3 Nc6 6. dxc5 Bxc5 7. Bd3 h6 8. O-O
a5 9. Qe2 Nge7 10. Bf4 O-O 11. Nbd2 f5 12. exf6 Rxf6 13. Bg3 Nf5 14. Nb3 Be7
15. Nbd4 Nxg3 16. hxg3 Bd6 17. Rae1 Nxd4 18. cxd4 Be8 19. Nh4 Qb6 20. Rd1 Kh8
21. Bb1 g5 22. Qc2 Qc7 23. Nf3 Qg7 24. a3 Bh5 25. Qc3 Rf7 26. Rd3 Rc7 27. Qd2
b5 28. Re3 Bf7 29. Ne5 Be8 30. Rfe1 b4 31. Qe2 Rac8 32. Qa6 Bxe5 33. Rxe5 Bf7
34. Qxa5 bxa3 35. Qxa3 Rc1 36. Qe3 R1c4 37. g4 Rb8 38. b3 Rc6 39. Kh2 Rbc8 40.
Qd2 Rc3 41. b4 Qf6 42. Bd3 Qf4+ 43. Qxf4 gxf4 44. Rd1 Rb3 45. b5 Rcc3 46. Bf1
Kg7 47. Ree1 Kf6 48. Rb1 Bg6 49. Ra1 Rb2 50. Kg1 f3 51. Ra6 Bf7 52. Rc6 Rxc6
53. bxc6 Rc2 54. gxf3 Rxc6 55. Kg2 h5 56. Kg3 Rc2 57. Rd1 Kg5 58. f4+ Kf6 59.
g5+ Ke7 60. Bd3 Rc3 61. Kh4 Rc8 62. g6 Bg8 63. Kg5 h4 64. f5 exf5 65. Re1+ Kd6
66. Bxf5 Rf8 67. Rh1 h3 68. f4 Ke7 69. Re1+ Kd6 70. Bxh3 Rb8 71. f5 Rb3 72. Bg4
Rd3 73. Rd1 Re3 74. f6 Be6 75. Bxe6 Kxe6 76. Rf1 Rg3+ 77. Kh6 Rh3+ 78. Kg7 1-0

[Event "DBMM 2015 (XV.)"]
[Site "München"]
[Date "2015.10.22"]
[Round "2.3"]
[White "Achermann, Didier"]
[Black "Ristic, Sreten"]
[Result "1-0"]
[WhiteElo "1724"]
[BlackElo "1901"]
[PlyCount "108"]
[EventDate "2015.10.22"]
[EventType "team-swiss"]
[EventCountry "GER"]
[WhiteTeam "Europäisches Patentamt Mü. 4"]
[BlackTeam "SV Rapid Unilever Hamburg 1"]

1. e4 d6 2. d4 g6 3. c4 Nh6 4. Nc3 f6 5. Nf3 Nf7 6. Be3 a6 7. Be2 Bg7 8. O-O
Nd7 9. Rc1 e5 10. Ne1 O-O 11. d5 f5 12. f3 Nf6 13. b4 f4 14. Bf2 b6 15. Nd3 g5
16. c5 b5 17. a4 bxa4 18. b5 axb5 19. Nxb5 Ba6 20. Na3 Bc8 21. Nb4 Ne8 22. Nc4
Ba6 23. cxd6 cxd6 24. Nb6 Bxe2 25. Qxe2 Nc7 26. Nc6 Qf6 27. Nxa8 Rxa8 28. Na7
Qe7 29. Rc2 Bf8 30. Rb1 Ne8 31. Qa6 h5 32. Rb7 Qf6 33. Qxa4 g4 34. Qd7 Rd8 35.
Qe6 gxf3 36. Qxf6 Nxf6 37. gxf3 Ng5 38. Kg2 Rd7 39. Rcc7 Rxc7 40. Rxc7 Ngxe4
41. fxe4 Nxe4 42. Bh4 Nc5 43. Bg5 Na6 44. Rd7 Nb4 45. Nb5 Nxd5 46. Nxd6 Bxd6
47. Rxd6 Ne3+ 48. Kf3 Nf5 49. Rd7 Nd4+ 50. Ke4 Ne6 51. Be7 f3 52. Kxf3 Kf7 53.
Ke4 Ke8 54. Ra7 Ng7 1-0

[Event "DBMM 2015 (XV.)"]
[Site "München"]
[Date "2015.10.22"]
[Round "2.1"]
[White "Tokarev, Igor"]
[Black "Bender, Gerhard"]
[Result "1-0"]
[WhiteElo "1988"]
[BlackElo "2017"]
[PlyCount "80"]
[EventDate "2015.10.22"]
[EventType "team-swiss"]
[EventCountry "GER"]
[WhiteTeam "SV Osram Augsburg 2"]
[BlackTeam "Deutsches Patent- und Markenamt"]

1. d4 Nf6 2. Nf3 g6 3. g3 Bg7 4. Bg2 O-O 5. O-O d6 6. c4 Nbd7 7. Nc3 c6 8. e4
e5 9. d5 c5 10. Rb1 Nh5 11. a3 f5 12. exf5 gxf5 13. Ng5 Ndf6 14. Ne6 Bxe6 15.
dxe6 Rb8 16. Bf3 Ng4 17. h3 Nxf2 18. Kxf2 Nxg3 19. Kxg3 e4 20. Bh5 Be5+ 21. Bf4
Qg5+ 22. Bg4 h5 23. Nd5 fxg4 24. h4 Qg7 25. Kg2 b5 26. e7 Rf5 27. Bxe5 Qxe5 28.
Rxf5 Qxf5 29. Qf1 Qf3+ 30. Qxf3 exf3+ 31. Kg3 Kf7 32. cxb5 Ke6 33. e8=Q+ Rxe8
34. Nc7+ Kd7 35. Nxe8 Kxe8 36. a4 Kd7 37. a5 Kc7 38. Rd1 Kd7 39. b6 axb6 40.
axb6 Kc6 1-0

[Event "DBMM 2015 (XV.)"]
[Site "München"]
[Date "2015.10.22"]
[Round "2.2"]
[White "Junker, Carsten"]
[Black "Kolb, Wolfgang"]
[Result "1/2-1/2"]
[WhiteElo "1700"]
[BlackElo "2058"]
[PlyCount "51"]
[EventDate "2015.10.22"]
[EventType "team-swiss"]
[EventCountry "GER"]
[WhiteTeam "Deutsches Patent- und Markenamt"]
[BlackTeam "SV Osram Augsburg 2"]

1. a3 d5 2. Nf3 Nf6 3. g3 b6 4. Bg2 Bb7 5. O-O e6 6. b4 Be7 7. Ne5 Nbd7 8. Nxd7
Qxd7 9. c4 c6 10. Qc2 O-O 11. d4 a5 12. c5 axb4 13. cxb6 Qd8 14. Qb2 Qxb6 15.
Bd2 Qb5 16. axb4 Rxa1 17. Qxa1 Qxe2 18. Re1 Qb5 19. Nc3 Qd3 20. Rd1 Qxd4 21.
Be3 Qc4 22. Bf1 Qg4 23. h3 Qf5 24. Qa7 Bxb4 25. Na2 Bd6 26. Qxb7 1/2-1/2

[Event "DBMM 2015 (XV.)"]
[Site "München"]
[Date "2015.10.22"]
[Round "2.3"]
[White "Zunic, Josef"]
[Black "Milak, Adela"]
[Result "1-0"]
[WhiteElo "1757"]
[BlackElo "1658"]
[PlyCount "66"]
[EventDate "2015.10.22"]
[EventType "team-swiss"]
[EventCountry "GER"]
[WhiteTeam "SV Osram Augsburg 2"]
[BlackTeam "Deutsches Patent- und Markenamt"]

1. e4 g6 2. f4 Bg7 3. Nf3 Nf6 4. e5 Nd5 5. d4 b6 6. Bc4 Bb7 7. O-O O-O 8. Qe2
e6 9. Bb3 d6 10. c4 Ne7 11. Nc3 Nd7 12. Be3 Nf5 13. g4 Nh4 14. Nxh4 Qxh4 15.
Bf2 Qh3 16. Bg3 c5 17. Nb5 dxe5 18. dxe5 a5 19. Nd6 Bc6 20. Bc2 Rad8 21. Be4
Nb8 22. Qf3 Rxd6 23. exd6 Bxe4 24. Qxe4 Bd4+ 25. Kh1 Qxg4 26. Kg2 Re8 27. Rae1
h5 28. f5 Qg5 29. fxg6 fxg6 30. Qb7 Qd8 31. Qf7+ Kh8 32. Qxg6 Bg7 33. Rf7 Rg8
1-0